| 000 | 00571nam a2200193 a 4500 | ||
|---|---|---|---|
| 005 | 20210223124143.0 | ||
| 008 | 010602s1997 mx r 000 0 spa d | ||
| 020 | _a9682455987 | ||
| 035 | _aUPN01000107398 | ||
| 049 | _aCG | ||
| 050 | 4 |
_aLB1047 _bM3.8 1997 |
|
| 100 | 1 |
_aMendoza Núñez, Alejandro _929303 |
|
| 245 | 1 | 4 |
_aLas visitas y excursiones escolares como estrategias didácticas / _cAlejandro Mendoza Núñez. |
| 250 | _a2a. ed. | ||
| 260 |
_aMéxico : _bTrillas, _c1997 |
||
| 300 |
_a99 p. : _bil. |
||
| 650 | 4 |
_aEXCURSIONES ESCOLARES _921792 |
|
| 905 | _aLibro | ||
| 999 |
_c81310 _d81310 |
||